<?xml version="1.0" encoding="UTF-8"?>
<record
    xmlns:xsi="http://www.w3.org/2001/XMLSchema-instance"
    xsi:schemaLocation="http://www.loc.gov/MARC21/slim http://www.loc.gov/standards/marcxml/schema/MARC21slim.xsd"
    xmlns="http://www.loc.gov/MARC21/slim">

  <leader>01174nam a22002537a 4500</leader>
  <controlfield tag="003">OSt</controlfield>
  <controlfield tag="005">20220228160206.0</controlfield>
  <controlfield tag="008">110901t        xxu||||| |||| 00| 0 eng d</controlfield>
  <datafield tag="010" ind1=" " ind2=" ">
    <subfield code="a">2003103219</subfield>
  </datafield>
  <datafield tag="020" ind1=" " ind2=" ">
    <subfield code="a">0534622046 9780534622046</subfield>
  </datafield>
  <datafield tag="040" ind1=" " ind2=" ">
    <subfield code="c">LC</subfield>
  </datafield>
  <datafield tag="050" ind1=" " ind2=" ">
    <subfield code="a">BF39.G72</subfield>
  </datafield>
  <datafield tag="100" ind1=" " ind2=" ">
    <subfield code="a">Gravetter, Frederick J </subfield>
    <subfield code="q">Frederick J Gravetter; Larry B Wallnau</subfield>
  </datafield>
  <datafield tag="245" ind1=" " ind2=" ">
    <subfield code="a">Statistics for the behavioral sciences</subfield>
    <subfield code="c">Frederick J Gravetter; Larry B Wallnau</subfield>
  </datafield>
  <datafield tag="250" ind1=" " ind2=" ">
    <subfield code="a">6th ed., International student ed</subfield>
  </datafield>
  <datafield tag="260" ind1=" " ind2=" ">
    <subfield code="a">Southbank, Vic. </subfield>
    <subfield code="b">Wadsworth/Thomson Learning</subfield>
    <subfield code="c">&#xA9;2004</subfield>
  </datafield>
  <datafield tag="300" ind1=" " ind2=" ">
    <subfield code="a">xv, 746 p. </subfield>
    <subfield code="b">ill. (some col.) </subfield>
    <subfield code="c">25 cm.</subfield>
  </datafield>
  <datafield tag="500" ind1=" " ind2=" ">
    <subfield code="a">Includes bibliographical references and index</subfield>
  </datafield>
  <datafield tag="505" ind1=" " ind2=" ">
    <subfield code="a">Contents: Part I. Introduction and descriptive statistics -- Part II. Foundations of inferential statistics -- Part III. Inferences about means and mean differences -- Part IV. Correlations and nonparametric tests -- Appendix A. Basic mathematics review -- Appendix B. Statistical tables -- Appendix C. Solutions for odd-numbered problems</subfield>
  </datafield>
  <datafield tag="650" ind1=" " ind2=" ">
    <subfield code="a">Psychology </subfield>
    <subfield code="x">Statistical methods</subfield>
  </datafield>
  <datafield tag="650" ind1=" " ind2=" ">
    <subfield code="a">Educational statistics</subfield>
  </datafield>
  <datafield tag="700" ind1=" " ind2=" ">
    <subfield code="a">Wallnau, Larry B. </subfield>
  </datafield>
  <datafield tag="942" ind1=" " ind2=" ">
    <subfield code="2">lcc</subfield>
    <subfield code="c">BK</subfield>
  </datafield>
  <datafield tag="999" ind1=" " ind2=" ">
    <subfield code="c">56</subfield>
    <subfield code="d">7556</subfield>
  </datafield>
  <datafield tag="952" ind1=" " ind2=" ">
    <subfield code="0">0</subfield>
    <subfield code="1">0</subfield>
    <subfield code="2">lcc</subfield>
    <subfield code="4">0</subfield>
    <subfield code="7">0</subfield>
    <subfield code="a">WIUC-1</subfield>
    <subfield code="b">WIUC-1</subfield>
    <subfield code="c">GEN</subfield>
    <subfield code="d">2011-09-01</subfield>
    <subfield code="l">0</subfield>
    <subfield code="o">BF39.G72</subfield>
    <subfield code="p">120/11</subfield>
    <subfield code="r">2011-09-01 00:00:00</subfield>
    <subfield code="t">1</subfield>
    <subfield code="w">2011-09-01</subfield>
    <subfield code="y">BK</subfield>
  </datafield>
  <datafield tag="952" ind1=" " ind2=" ">
    <subfield code="0">0</subfield>
    <subfield code="1">0</subfield>
    <subfield code="2">lcc</subfield>
    <subfield code="4">0</subfield>
    <subfield code="7">0</subfield>
    <subfield code="a">WIUC-1</subfield>
    <subfield code="b">WIUC-1</subfield>
    <subfield code="c">GEN</subfield>
    <subfield code="d">2011-09-01</subfield>
    <subfield code="l">0</subfield>
    <subfield code="o">BF39.G721</subfield>
    <subfield code="p">121/11</subfield>
    <subfield code="r">2011-09-01 00:00:00</subfield>
    <subfield code="t">2</subfield>
    <subfield code="w">2011-09-01</subfield>
    <subfield code="y">BK</subfield>
  </datafield>
  <datafield tag="952" ind1=" " ind2=" ">
    <subfield code="0">0</subfield>
    <subfield code="1">0</subfield>
    <subfield code="2">lcc</subfield>
    <subfield code="4">0</subfield>
    <subfield code="7">0</subfield>
    <subfield code="a">WIUC-1</subfield>
    <subfield code="b">WIUC-1</subfield>
    <subfield code="c">GEN</subfield>
    <subfield code="d">2011-09-01</subfield>
    <subfield code="l">0</subfield>
    <subfield code="o">BF39.G722</subfield>
    <subfield code="p">122/11</subfield>
    <subfield code="r">2011-09-01 00:00:00</subfield>
    <subfield code="t">3</subfield>
    <subfield code="w">2011-09-01</subfield>
    <subfield code="y">BK</subfield>
  </datafield>
  <datafield tag="952" ind1=" " ind2=" ">
    <subfield code="0">0</subfield>
    <subfield code="1">0</subfield>
    <subfield code="2">lcc</subfield>
    <subfield code="4">0</subfield>
    <subfield code="7">0</subfield>
    <subfield code="a">WIUC-KL</subfield>
    <subfield code="b">WIUC-KL</subfield>
    <subfield code="c">GEN</subfield>
    <subfield code="d">2019-10-25</subfield>
    <subfield code="e">STM</subfield>
    <subfield code="l">0</subfield>
    <subfield code="o">BF39.G72(6e)</subfield>
    <subfield code="p">K/635/635/19</subfield>
    <subfield code="r">2022-02-28 00:00:00</subfield>
    <subfield code="w">2011-09-01</subfield>
    <subfield code="y">BK</subfield>
  </datafield>
</record>
